Strategic Marketing Management Cases. (Record no. 256)

MARC details
005 - DATE AND TIME OF LATEST TRANSACTION
control field 20250619133641.0
020 ## - INTERNATIONAL STANDARD BOOK NUMBER
International Standard Book Number 0-07-242946-1
082 ## - DEWEY DECIMAL CLASSIFICATION NUMBER
Classification number 658.802 CRA
100 ## - MAIN ENTRY--PERSONAL NAME
Author name CRAVENS, D. W.
245 ## - TITLE STATEMENT
Title Strategic Marketing Management Cases.
250 ## - EDITION STATEMENT
Edition statement 7th Ed.
260 ## - PUBLICATION, DISTRIBUTION, ETC.
Place of publication, distribution, etc. Boston,
Name of publisher, distributor, etc. McGraw-Hill,
Date of publication, distribution, etc. 2002.
300 ## - PHYSICAL DESCRIPTION
Extent xvi, 685p.: ill.; figure, table,
Other physical details Index.
Dimensions 25cm.
700 ## - ADDED ENTRY--PERSONAL NAME
Other authors/Editors LAMB, C. W. & CRITTENDEN, V. L.
942 ## - ADDED ENTRY ELEMENTS (KOHA)
Source of classification or shelving scheme Dewey Decimal Classification
Koha item type Books
Holdings
Date last seen Total checkouts Full call number Barcode Cost, replacement price Price effective from Koha item type Lost status Source of classification or shelving scheme Damaged status Not for loan Withdrawn status Home library Current library Shelving location Date acquired Cost, normal purchase price
03/10/2025   658.802 CRA 000000763 150000.00 03/10/2025 Books   Dewey Decimal Classification       College of Business Education Main Library College of Business Education Main Library General Collection 03/10/2025 50000.00